West Indian hurricanes and other tropical cyclones of North Atlantic Ocean.

Bibliographic Details
Corporate Author: United States. Weather Bureau
Format: Government Document eBook
Language:English
Published: Washington : U.S. GPO, 1924.
Series:Monthly Weather Review Supp. No. 24
Weather Bur. Doc. No. 840
Subjects:
Online Access:Connect to the full text of this electronic document

MARC

Tag First Indicator Second Indicator Subfields
LEADER 00000cam a22000001a 4500
001 in00003785921
005 20190408184911.0
006 m o d f
007 cr bn mmmapmmp
008 040322s1924 dcu o f000 0 eng d
035 |a ebd1910511896 
040 |a UMI  |c UMI  |d UtOrBLW 
086 0 |a A 29.6/2:24 
099 |a A29.6-69.24 
245 0 0 |a West Indian hurricanes and other tropical cyclones of North Atlantic Ocean. 
264 1 |a Washington :  |b U.S. GPO,  |c 1924. 
300 |a 1 online resource (iii+47 pages) 
336 |a text  |b txt  |2 rdacontent 
337 |a computer  |b c  |2 rdamedia 
338 |a online resource  |b cr  |2 rdacarrier 
490 0 |a Monthly Weather Review Supp. No. 24 
490 0 |a Weather Bur. Doc. No. 840 
500 |a [with data on climate by locality; and historical data on storm frequency, course, and distance traveled, 1887-1923]. 
500 |a Record is based on bibliographic data in ProQuest U.S. Executive Branch Documents, 1910-1932. Reuse except for individual research requires license from ProQuest, LLC. 
533 |a Electronic reproduction.  |b [Bethesda, Md.] :  |c ProQuest,  |d 2012.  |e digital, PDF file.  |n ProQuest U.S. Executive Branch Documents, 1910-1932.  |n Mode of access: World Wide Web via ProQuest website. 
538 |a System requirements: PDF reader software. 
500 |a Electronic resource. 
650 0 |a Cyclones.  |0 http://id.loc.gov/authorities/subjects/sh85035089 
650 0 |a Hurricanes.  |0 http://id.loc.gov/authorities/subjects/sh85063195 
650 0 |a Weather.  |0 http://id.loc.gov/authorities/subjects/sh85145843 
651 0 |a Atlantic Ocean.  |0 http://id.loc.gov/authorities/subjects/sh85009201 
651 0 |a Caribbean Area.  |0 http://id.loc.gov/authorities/subjects/sh85020279 
651 0 |a San Juan (P.R.)  |0 http://id.loc.gov/authorities/names/n81086856 
655 7 |a Electronic books.  |2 local 
710 1 |a United States.  |b Weather Bureau.  |0 http://id.loc.gov/authorities/names/n79049341 
776 1 8 |i Microfiche version:  |t West Indian hurricanes and other tropical cyclones of North Atlantic Ocean  |o CIS US Exec MF A29.6-69.24  |w (ProQuest)cis19156937 
856 4 0 |u http://proxy.library.tamu.edu/login?url=http://congressional.proquest.com/congressional/docview/t66.d71.a29.6-69.24  |z Connect to the full text of this electronic document  |t 0 
999 f f |s f0c4f2dc-d887-345b-8287-483908c4fc09  |i d56ed694-7ed9-35e5-b710-0a418b6d5133  |t 0 
952 f f |a Texas A&M University  |b College Station  |c Electronic Resources  |d Available Online  |t 0  |h No information provided 
998 f f |t 0  |l Available Online